[Event "Titled Tuesday intern op 24th Oct Late"]
[Site "Chess.com INT"]
[Date "2023.10.24"]
[Round "6"]
[White "Blanco Ronquillo, Humberto L"]
[Black "Nilsen, Tobias Lang"]
[Result "1-0"]
[WhiteElo "2442"]
[BlackElo "2219"]
[PlyCount "53"]
[EventDate "2023.10.24"]
[EventType "swiss (blitz)"]
[EventRounds "11"]
[EventCountry "USA"]
[SourceTitle "Mega2024 Update 01"]
[Source "Chessbase"]
[SourceDate "2023.11.12"]
[SourceVersion "1"]
[SourceVersionDate "2023.11.12"]
[SourceQuality "1"]

1. e4 e5 2. Nf3 Nc6 3. d4 exd4 4. Nxd4 Bc5 5. Nb3 Bb6 6. Nc3 d6 7. Qe2 Nge7 8. Be3 Be6 9. f3 Qd7 10. 0-0-0 0-0-0 11. Bxb6 axb6 12. Qf2 f5 13. Bb5 fxe4 14. Nxe4 Bf5 15. Nc3 Rhf8 16. Nd4 Bg6 17. Rhe1 Rf7 18. Ne6 Re8 19. Qh4 Nf5 20. Qa4 Kb8 21. Nxc7 Rxe1 22. Rxe1 Qxc7 23. Re8+ Nd8 24. Nd5 Qc8 25. Nxb6 Qc5 26. Qa8+ Kc7 27. Qxd8# 1-0

[Event "Titled Tuesday intern op 24th Oct Late"]
[Site "Chess.com INT"]
[Date "2023.10.24"]
[Round "8"]
[White "Blanco Ronquillo, Humberto L"]
[Black "Reprintsev, Alexander"]
[Result "1-0"]
[WhiteElo "2442"]
[BlackElo "2227"]
[PlyCount "93"]
[EventDate "2023.10.24"]
[EventType "swiss (blitz)"]
[EventRounds "11"]
[EventCountry "USA"]
[SourceTitle "Mega2024 Update 01"]
[Source "Chessbase"]
[SourceDate "2023.11.12"]
[SourceVersion "1"]
[SourceVersionDate "2023.11.12"]
[SourceQuality "1"]

1. e4 d5 2. exd5 Qxd5 3. Nc3 Qd6 4. d4 c6 5. Nf3 Bf5 6. Bd3 Bxd3 7. Qxd3 Nf6 8. Bg5 Nbd7 9. 0-0-0 e6 10. Kb1 Be7 11. h4 h6 12. Bc1 Nb6 13. Ne5 Nbd5 14. Ne2 Nb4 15. Qg3 Nh5 16. Qf3 Nf6 17. a3 Nbd5 18. g4 Rf8 19. g5 hxg5 20. hxg5 Nd7 21. Nc4 Qc7 22. Rh7 b5 23. Ne3 g6 24. Ng4 b4 25. Nh6 bxa3 26. Rxf7 axb2 27. Bxb2 Rb8 28. Rd3 Bxg5 29. Rxf8+ Nxf8 30. Ng4 Nf4 31. Rc3 Nxe2 32. Qxe2 Qf4 33. Qd1 Rb6 34. Ne5 Qe4 35. Ra3 Bf4 36. f3 Qd5 37. c4 Qd8 38. Nd3 Be3 39. Nc5 Qxd4 40. Qxd4 Bxd4 41. Nb3 Bxb2 42. Kxb2 Nd7 43. Kc2 Rb7 44. Nd4 Ne5 45. Kc3 Kf7 46. f4 Nd7 47. Nxc6 1-0

[Event "Titled Tuesday intern op 24th Oct Late"]
[Site "Chess.com INT"]
[Date "2023.10.24"]
[Round "1"]
[White "Sukandar, Irine Kharisma"]
[Black "Blanco Ronquillo, Humberto L"]
[Result "0-1"]
[WhiteElo "2365"]
[BlackElo "2442"]
[PlyCount "74"]
[EventDate "2023.10.24"]
[EventType "swiss (blitz)"]
[EventRounds "11"]
[EventCountry "USA"]
[SourceTitle "Mega2024 Update 01"]
[Source "Chessbase"]
[SourceDate "2023.11.12"]
[SourceVersion "1"]
[SourceVersionDate "2023.11.12"]
[SourceQuality "1"]

1. d4 d5 2. Bf4 Nf6 3. e3 e6 4. Nd2 Bd6 5. Ngf3 0-0 6. Bd3 b6 7. Qe2 Bb7 8. Bg3 Ne4 9. Bxd6 cxd6 10. 0-0 Nd7 11. c4 Nxd2 12. Nxd2 dxc4 13. Nxc4 Nf6 14. Rfd1 Rc8 15. Rac1 Qe7 16. b3 g6 17. Qb2 h5 18. Qa3 Rfd8 19. Qxa7 Ra8 20. Qxb6 Rxa2 21. Ra1 Nd5 22. Qxd8+ Qxd8 23. Rxa2 Nc3 24. Ra7 Nxd1 25. Rxb7 Qa8 26. Nxd6 Qa1 27. Bf1 f5 28. Rb8+ Kg7 29. Rb7+ Kf8 30. Rf7+ Kg8 31. Rd7 Qa2 32. h3 Qxf2+ 33. Kh2 Nxe3 34. Ne8 Nxf1+ 35. Kh1 Ng3+ 36. Kh2 Ne4 37. Rg7+ Kf8 0-1

[Event "Titled Tuesday intern op 22nd Aug Early"]
[Site "Chess.com INT"]
[Date "2023.08.22"]
[Round "3"]
[White "Blanco Ronquillo, Humberto L"]
[Black "Korelskiy, Egor"]
[Result "0-1"]
[WhiteElo "2442"]
[BlackElo "2144"]
[PlyCount "92"]
[EventDate "2023.08.22"]
[EventType "swiss (blitz)"]
[EventRounds "11"]
[EventCountry "USA"]
[SourceTitle "EXT 2024"]
[Source "ChessBase"]
[SourceDate "2023.10.10"]
[SourceVersion "1"]
[SourceVersionDate "2023.10.10"]
[SourceQuality "1"]

1. e4 c5 2. c3 e6 3. d4 d5 4. e5 Nc6 5. Nf3 Qb6 6. a3 c4 7. g3 Na5 8. Nbd2 Bd7 9. Bg2 Ne7 10. 0-0 Nc8 11. Ne1 Qc7 12. f4 Nb6 13. g4 0-0-0 14. Nef3 Ba4 15. Qe2 Nb3 16. Nxb3 cxb3 17. Be3 Nc4 18. Bf2 Bb5 19. Qd1 Nxb2 20. Qxb3 Bxf1 21. Qxb2 Bxg2 22. Kxg2 Be7 23. a4 Kb8 24. a5 Rc8 25. a6 b6 26. Be1 Qc4 27. Qf2 h5 28. h3 hxg4 29. hxg4 f6 30. Bd2 f5 31. gxf5 exf5 32. Qg3 Qc6 33. Kf2 g6 34. Ke3 Rhg8 35. Rh1 Qa4 36. Rh7 Qa3 37. Qh2 Bb4 38. Rb7+ Ka8 39. Qh7 Qxa6 40. Rd7 Bxc3 41. Qf7 Bxd2+ 42. Nxd2 Qa5 43. Rxd5 Qc3+ 44. Ke2 Rh8 45. Rd7 Rh2+ 46. Kf1 Qc1# 0-1

[Event "Titled Tuesday intern op 10th Jan Early"]
[Site "Chess.com INT"]
[Date "2023.01.10"]
[Round "5"]
[White "Blanco Ronquillo, Humberto L"]
[Black "Mesic, Ismet"]
[Result "1-0"]
[WhiteElo "2442"]
[BlackElo "2190"]
[PlyCount "115"]
[EventDate "2023.01.10"]
[EventType "swiss (blitz)"]
[EventRounds "11"]
[EventCountry "USA"]
[SourceTitle "EXT 2024"]
[Source "ChessBase"]
[SourceDate "2023.10.10"]
[SourceVersion "1"]
[SourceVersionDate "2023.10.10"]
[SourceQuality "1"]

1. e4 e5 2. Nf3 Nc6 3. Bb5 Nf6 4. d3 Bc5 5. 0-0 d6 6. c3 0-0 7. Nbd2 a6 8. Ba4 b5 9. Bb3 Bb7 10. h3 b4 11. Nh2 a5 12. Ba4 Ne7 13. Nc4 Bc6 14. Bxc6 Nxc6 15. Bg5 h6 16. Bh4 g5 17. Bg3 Ne7 18. d4 Ba7 19. Re1 Nxe4 20. Rxe4 d5 21. Rxe5 dxc4 22. Qh5 Ng6 23. Rxa5 Kg7 24. Ng4 Rh8 25. Ne3 Bb6 26. Rd5 Qf8 27. Nxc4 bxc3 28. bxc3 Rd8 29. Rf5 Qe7 30. Ne5 Rhf8 31. Qf3 Nxe5 32. Bxe5+ Kg8 33. Bf6 Qe6 34. Bxd8 Rxd8 35. Re5 Qd6 36. Rae1 Kg7 37. Re7 Qf6 38. Qxf6+ Kxf6 39. R7e2 Ra8 40. g3 Ra3 41. Rc2 Ba5 42. Re3 Bb6 43. Kf1 c5 44. dxc5 Bxc5 45. Rd3 Ra8 46. Ke2 Re8+ 47. Kf3 Re5 48. c4 Rf5+ 49. Kg2 Re5 50. Rd5 Kf5 51. Rxe5+ Kxe5 52. Rd2 Bd4 53. Kf3 f5 54. a4 h5 55. g4 hxg4+ 56. hxg4 f4 57. a5 Ba7 58. Rd5+ 1-0

[Event "Titled Tuesday intern op 10th Jan Early"]
[Site "Chess.com INT"]
[Date "2023.01.10"]
[Round "8"]
[White "Tymrakiewicz, Rafal"]
[Black "Blanco Ronquillo, Humberto L"]
[Result "0-1"]
[WhiteElo "2139"]
[BlackElo "2442"]
[PlyCount "88"]
[EventDate "2023.01.10"]
[EventType "swiss (blitz)"]
[EventRounds "11"]
[EventCountry "USA"]
[SourceTitle "EXT 2024"]
[Source "ChessBase"]
[SourceDate "2023.10.10"]
[SourceVersion "1"]
[SourceVersionDate "2023.10.10"]
[SourceQuality "1"]

1. d4 Nf6 2. Bg5 e6 3. Nd2 h6 4. Bh4 d5 5. e3 Be7 6. Bd3 b6 7. f4 Bb7 8. Bxf6 Bxf6 9. Ndf3 Nd7 10. Nh3 Be7 11. 0-0 0-0 12. Ne5 c5 13. c3 Nf6 14. Nf2 Ne4 15. Nxe4 dxe4 16. Be2 a6 17. a4 Qc7 18. Bh5 Bd6 19. Qg4 f5 20. Qd1 b5 21. Be2 Bxe5 22. fxe5 Qb6 23. axb5 axb5 24. Qb3 b4 25. Bc4 Rae8 26. g3 Kh8 27. Ra4 Bc6 28. Ra6 Qb7 29. Rfa1 cxd4 30. cxd4 Bb5 31. Ra7 Qc6 32. Bxb5 Qxb5 33. Qd1 Rc8 34. Qh5 Qd3 35. Re1 Qd2 36. Qe2 Rc2 37. Qxd2 Rxd2 38. Re7 Rc8 39. Rxe6 Rcc2 40. Rg6 Rg2+ 41. Kh1 Rxh2+ 42. Kg1 Rcg2+ 43. Kf1 Rxb2 44. e6 Rh1# 0-1

[Event "Titled Tuesday intern op 03rd Jan Early"]
[Site "Chess.com INT"]
[Date "2023.01.03"]
[Round "2"]
[White "Blanco Ronquillo, Humberto L"]
[Black "Bluebaum, Matthias"]
[Result "0-1"]
[WhiteElo "2442"]
[BlackElo "2661"]
[PlyCount "144"]
[EventDate "2023.01.03"]
[EventType "swiss (blitz)"]
[EventRounds "11"]
[EventCountry "USA"]
[SourceTitle "EXT 2024"]
[Source "ChessBase"]
[SourceDate "2023.10.10"]
[SourceVersion "1"]
[SourceVersionDate "2023.10.10"]
[SourceQuality "1"]

1. e4 e6 2. d4 d5 3. Nd2 c5 4. exd5 Qxd5 5. Ngf3 cxd4 6. Bc4 Qd6 7. 0-0 Nf6 8. Nb3 Nc6 9. Nbxd4 Nxd4 10. Qxd4 Qxd4 11. Nxd4 Bd7 12. Be2 Rc8 13. Bf3 Bc5 14. Nb3 Bb6 15. c3 Bc6 16. Bxc6+ Rxc6 17. Bg5 Nd5 18. Rad1 h6 19. Bc1 0-0 20. Nd4 Rcc8 21. Rfe1 Rfd8 22. Nc2 a6 23. g3 Rd7 24. Kg2 Rcd8 25. Kf3 Bc5 26. c4 Nb4 27. Rxd7 Rxd7 28. Nxb4 Bxb4 29. Rf1 Rc7 30. b3 b5 31. Bf4 Rc8 32. cxb5 axb5 33. Rc1 Ra8 34. Rc2 g5 35. Be5 f6 36. Bd4 Kf7 37. Rc7+ Kg6 38. Ba7 Bd6 39. Rb7 b4 40. Ke4 h5 41. Rd7 Bf8 42. f3 Rc8 43. Rd2 Rc7 44. Bb6 Rb7 45. Bf2 Rb5 46. Bd4 Ra5 47. Kd3 Kf5 48. Re2 e5 49. Bf2 Ra8 50. Kc4 Rc8+ 51. Kb5 Rc3 52. Be1 Rc5+ 53. Kb6 Rc8 54. Kb7 Rd8 55. Kc7 Rd3 56. Rf2 Ke6 57. Kc6 g4 58. fxg4 hxg4 59. Kb5 Rd8 60. Rc2 Rb8+ 61. Ka4 e4 62. Rc4 Kd5 63. Bd2 Bc5 64. Bf4 Rb7 65. Ka5 Bf2 66. Ka6 Rb6+ 67. Ka5 Rb7 68. Ka6 Ra7+ 69. Kb5 Rxa2 70. Kxb4 f5 71. Rc8 e3 72. Re8 e2 0-1

[Event "Titled Tuesday intern op 03rd Jan Late"]
[Site "Chess.com INT"]
[Date "2023.01.03"]
[Round "4"]
[White "Blanco Ronquillo, Humberto L"]
[Black "Duda, Jan Krzysztof"]
[Result "0-1"]
[WhiteElo "2442"]
[BlackElo "2729"]
[PlyCount "118"]
[EventDate "2023.01.03"]
[EventType "swiss (blitz)"]
[EventRounds "11"]
[EventCountry "USA"]
[SourceTitle "EXT 2024"]
[Source "ChessBase"]
[SourceDate "2023.10.10"]
[SourceVersion "1"]
[SourceVersionDate "2023.10.10"]
[SourceQuality "1"]

1. e4 e6 2. d4 d5 3. Nd2 Nc6 4. Ngf3 Nf6 5. e5 Nd7 6. c4 dxc4 7. Bxc4 Nb6 8. Bb5 Bd7 9. Bd3 Nb4 10. Bb1 Bb5 11. Ne4 a5 12. a3 N4d5 13. Bd3 Qd7 14. 0-0 h6 15. Qe2 Bxd3 16. Qxd3 a4 17. Bd2 Be7 18. Rac1 Nc8 19. Kh1 Na7 20. Nc3 Nxc3 21. Bxc3 Nb5 22. Rfd1 c6 23. Qc4 Qd5 24. Qxd5 cxd5 25. Kg1 Kd7 26. Kf1 Rhc8 27. Bd2 Rc4 28. Be3 Rac8 29. Ke2 Nc7 30. Kd3 b5 31. Nd2 Rb8 32. Nxc4 bxc4+ 33. Kc2 Rb3 34. Bd2 Nb5 35. Bc3 h5 36. Ra1 g5 37. Rd2 f6 38. exf6 Bxf6 39. Re1 Kd6 40. Re3 g4 41. Re1 Bg7 42. g3 Kd7 43. Rf1 Bf8 44. f3 Bxa3 45. fxg4 hxg4 46. Ra1 Kc6 47. Re2 Kd7 48. Rf2 e5 49. dxe5 d4 50. Rd2 d3+ 51. Kd1 Nxc3+ 52. bxc3 Ke6 53. Rda2 Bb2 54. Rb1 a3 55. Kd2 Bxc3+ 56. Ke3 Rxb1 57. Ke4 Re1+ 58. Kf4 d2 59. Kxg4 Bxe5 0-1

[Event "Titled Tuesday intern op 13th Sep Early"]
[Site "Chess.com INT"]
[Date "2022.09.13"]
[Round "4"]
[White "Ismayil, Malak"]
[Black "Blanco Ronquillo, Humberto L"]
[Result "0-1"]
[WhiteElo "1941"]
[BlackElo "2442"]
[PlyCount "100"]
[EventDate "2022.09.13"]
[EventType "swiss (blitz)"]
[EventRounds "11"]
[EventCountry "USA"]
[SourceTitle "EXT 2023"]
[Source "ChessBase"]
[SourceDate "2022.10.05"]
[SourceVersion "1"]
[SourceVersionDate "2022.10.05"]
[SourceQuality "1"]

1. e4 c5 2. Nf3 Nc6 3. Bb5 Nf6 4. Bxc6 dxc6 5. d3 g6 6. 0-0 Bg7 7. h3 0-0 8. Be3 b6 9. Nbd2 Ne8 10. Rb1 Nc7 11. Re1 Ne6 12. Nf1 Nd4 13. Nxd4 cxd4 14. Bg5 h6 15. Bd2 c5 16. b3 b5 17. f4 e6 18. Qf3 Bb7 19. Qf2 Qd7 20. Ng3 f5 21. e5 Rac8 22. Nf1 Qd5 23. Nh2 Rfd8 24. Nf3 Kh7 25. Qh4 Rd7 26. Re2 c4 27. bxc4 bxc4 28. Bb4 cxd3 29. cxd3 Ba6 30. Rd2 Rb7 31. a3 Rc3 32. Rbd1 Rc8 33. Qf2 Rd7 34. h4 Bb5 35. h5 gxh5 36. Qh4 a5 37. Be7 Rdc7 38. Bf6 Be8 39. Qf2 Rd7 40. Qh4 Rc3 41. Qg3 Rf7 42. Qh4 Rxa3 43. Rb2 Ra2 44. Rdd2 Rxb2 45. Rxb2 a4 46. Rb8 Qc6 47. Qxh5 Rxf6 48. Qxe8 Qxe8 49. Rxe8 Rf8 50. Ra8 Rxa8 0-1

[Event "Titled Tuesday intern op 06th Sep Early"]
[Site "Chess.com INT"]
[Date "2022.09.06"]
[Round "2"]
[White "Blanco Ronquillo, Humberto L"]
[Black "Aqib, Javaid Butt"]
[Result "1-0"]
[WhiteElo "2442"]
[BlackElo "1759"]
[PlyCount "49"]
[EventDate "2022.09.06"]
[EventType "swiss (blitz)"]
[EventRounds "11"]
[EventCountry "USA"]
[SourceTitle "EXT 2023"]
[Source "ChessBase"]
[SourceDate "2022.10.05"]
[SourceVersion "1"]
[SourceVersionDate "2022.10.05"]
[SourceQuality "1"]

1. d4 d5 2. c4 c6 3. Nc3 Nf6 4. e3 e6 5. Nf3 Nbd7 6. Qc2 Bd6 7. Bd3 dxc4 8. Bxc4 b5 9. Be2 Bb7 10. 0-0 a6 11. e4 Be7 12. e5 Nd5 13. Nxd5 cxd5 14. Bd3 Rc8 15. Qe2 Nb6 16. b3 Bc6 17. Bd2 Bd7 18. Ba5 Qc7 19. Rad1 Qb7 20. Bd2 Ra8 21. Ng5 b4 22. Qh5 Bxg5 23. Qxg5 g6 24. Bxb4 a5 25. Qe7# 1-0

[Event "Titled Tuesday intern op 06th Sep Early"]
[Site "Chess.com INT"]
[Date "2022.09.06"]
[Round "6"]
[White "Blanco Ronquillo, Humberto L"]
[Black "Jobava, Baadur"]
[Result "0-1"]
[WhiteElo "2442"]
[BlackElo "2578"]
[PlyCount "82"]
[EventDate "2022.09.06"]
[EventType "swiss (blitz)"]
[EventRounds "11"]
[EventCountry "USA"]
[SourceTitle "EXT 2023"]
[Source "ChessBase"]
[SourceDate "2022.10.05"]
[SourceVersion "1"]
[SourceVersionDate "2022.10.05"]
[SourceQuality "1"]

1. d4 Nf6 2. c4 c5 3. d5 g6 4. Nc3 d6 5. e4 Bg7 6. h3 0-0 7. Nf3 e6 8. Bd3 exd5 9. cxd5 Re8 10. 0-0 a6 11. a4 Nbd7 12. Re1 Nh5 13. Bg5 Bf6 14. Be3 Ne5 15. Be2 Nxf3+ 16. Bxf3 Ng7 17. Qd2 Rb8 18. Be2 Be5 19. Bd3 f5 20. Bg5 Bf6 21. Bxf6 Qxf6 22. exf5 Bxf5 23. Bxf5 Nxf5 24. Rxe8+ Rxe8 25. Re1 Rxe1+ 26. Qxe1 Kf7 27. Ne4 Qe7 28. f4 h6 29. Qe2 b5 30. axb5 axb5 31. Kh2 b4 32. Qd3 Kg7 33. Ng3 Nd4 34. Ne4 Qf7 35. Nxd6 Qxf4+ 36. Qg3 Ne2 37. Qxf4 Nxf4 38. Ne4 c4 39. d6 Kf7 40. Nc5 Nd3 41. Na6 Ke6 0-1

[Event "Titled Tuesday intern op 06th Sep Early"]
[Site "Chess.com INT"]
[Date "2022.09.06"]
[Round "11"]
[White "Blanco Ronquillo, Humberto L"]
[Black "Yen, William"]
[Result "1-0"]
[WhiteElo "2442"]
[BlackElo "2056"]
[PlyCount "145"]
[EventDate "2022.09.06"]
[EventType "swiss (blitz)"]
[EventRounds "11"]
[EventCountry "USA"]
[SourceTitle "EXT 2023"]
[Source "ChessBase"]
[SourceDate "2022.10.05"]
[SourceVersion "1"]
[SourceVersionDate "2022.10.05"]
[SourceQuality "1"]

1. d4 d5 2. c4 dxc4 3. e3 Nf6 4. Bxc4 e6 5. Nf3 c5 6. 0-0 a6 7. dxc5 Bxc5 8. Qxd8+ Kxd8 9. Nc3 b5 10. Be2 Bb7 11. Nd2 Nbd7 12. Nb3 Bb6 13. a4 b4 14. a5 Bc7 15. Na2 Nd5 16. e4 Nf4 17. Bxf4 Bxf4 18. Nxb4 Bd6 19. Ra4 Ke7 20. Nd3 Rhc8 21. f4 f6 22. Bf3 Bc6 23. Raa1 Bb5 24. Rad1 e5 25. fxe5 Nxe5 26. Be2 Rc2 27. Nd4 Rxe2 28. Nf5+ Kf8 29. Nf4 Bc5+ 30. Kh1 Rxb2 31. Ne6+ Kf7 32. Nxc5 Bxf1 33. Rxf1 g6 34. Ne3 Rc8 35. Nxa6 Ra8 36. Nc7 Rxa5 37. Ncd5 Ra6 38. Nc7 Rc6 39. Ncd5 Kg7 40. h3 Ra6 41. Kh2 Nd3 42. Rd1 Ne5 43. Rd4 Raa2 44. Kg3 h5 45. Nf4 Rb3 46. Ne6+ Kf7 47. Nd8+ Ke7 48. Kf4 g5+ 49. Kf5 Rxe3 50. Nb7 Ra6 51. Nc5 Rc6 52. Na4 Rd3 53. Rb4 Rd7 54. Nb6 Rb7 55. Nd5+ Kd6 56. Rxb7 Rc2 57. Nxf6 Rf2+ 58. Kxg5 Rxg2+ 59. Kxh5 Nf3 60. Ng4 Rg3 61. Rb6+ Kc5 62. Rf6 Rxh3+ 63. Kg6 Nh4+ 64. Kf7 Ng2 65. e5 Rh7+ 66. Ke8 Rh4 67. Nf2 Ne3 68. e6 Rh2 69. Ne4+ Kd5 70. e7 Kxe4 71. Kd8 Nd5 72. e8Q+ Kd4 73. Rd6 1-0

[Event "Titled Tuesday intern op 06th Sep Early"]
[Site "Chess.com INT"]
[Date "2022.09.06"]
[Round "8"]
[White "Martinez Alcantara, Jose Eduardo"]
[Black "Blanco Ronquillo, Humberto L"]
[Result "1-0"]
[WhiteElo "2591"]
[BlackElo "2442"]
[PlyCount "127"]
[EventDate "2022.09.06"]
[EventType "swiss (blitz)"]
[EventRounds "11"]
[EventCountry "USA"]
[SourceTitle "EXT 2023"]
[Source "ChessBase"]
[SourceDate "2022.10.05"]
[SourceVersion "1"]
[SourceVersionDate "2022.10.05"]
[SourceQuality "1"]

1. e4 c5 2. Nf3 Nc6 3. c3 d5 4. exd5 Qxd5 5. d4 Bg4 6. Be2 cxd4 7. cxd4 e6 8. Nc3 Qd6 9. 0-0 Nf6 10. Nb5 Qd8 11. Bf4 Nd5 12. Bg3 a6 13. Nc3 Be7 14. a3 0-0 15. Rc1 Rc8 16. h3 Bh5 17. Re1 Nxc3 18. Rxc3 Bf6 19. Rd3 Qb6 20. Rb3 Qa7 21. d5 exd5 22. Qxd5 Bg6 23. Re3 Bxb2 24. h4 Rfd8 25. Qa2 Bf6 26. Bc4 h6 27. Nh2 b5 28. Bb3 Bd4 29. Rf3 Qd7 30. Rf4 Be5 31. Rf3 Bxg3 32. Rxg3 Kh7 33. Nf3 Nd4 34. Nxd4 Qxd4 35. Bxf7 Bxf7 36. Qxf7 Rf8 37. Qg6+ Kh8 38. Rf1 Qf6 39. Qh5 Rc3 40. Qg4 Rxg3 41. Qxg3 Qf4 42. Qh3 Qf5 43. Qe3 Qf4 44. Qb6 Qxh4 45. Qxa6 Qg5 46. Qd6 Rd8 47. Qb4 Rd2 48. Re1 Qd5 49. Qg4 Kh7 50. Qf4 Rd1 51. Qe3 Rxe1+ 52. Qxe1 Qd3 53. Qb4 Qc4 54. Qxc4 bxc4 55. Kf1 Kg6 56. a4 Kf5 57. a5 Ke4 58. a6 Kd3 59. a7 c3 60. a8Q c2 61. Qa1 Kd2 62. Qe1+ Kd3 63. Qc1 Kc3 64. Ke1 1-0

[Event "Titled Tuesday intern op 30th Aug Early"]
[Site "Chess.com INT"]
[Date "2022.08.30"]
[Round "9"]
[White "Blanco Ronquillo, Humberto L"]
[Black "Moroni, Luca Jr"]
[Result "0-1"]
[WhiteElo "2442"]
[BlackElo "2574"]
[PlyCount "96"]
[EventDate "2022.08.30"]
[EventType "swiss (blitz)"]
[EventRounds "11"]
[EventCountry "USA"]
[SourceTitle "EXT 2023"]
[Source "ChessBase"]
[SourceDate "2022.10.05"]
[SourceVersion "1"]
[SourceVersionDate "2022.10.05"]
[SourceQuality "1"]

1. d4 g6 2. Nf3 Bg7 3. g3 d6 4. Bg2 Bd7 5. c4 Qc8 6. h3 Nc6 7. Nc3 Nf6 8. Be3 0-0 9. Qd2 e5 10. Rc1 exd4 11. Nxd4 Nxd4 12. Bxd4 Re8 13. Nd5 Nxd5 14. cxd5 Bxd4 15. Qxd4 Bb5 16. e3 Qf5 17. g4 Qd7 18. f4 c5 19. dxc6 bxc6 20. Kf2 Rab8 21. b3 a5 22. e4 c5 23. Qd2 a4 24. Rhd1 axb3 25. axb3 Qa7 26. Kg3 Bc6 27. Qxd6 Bxe4 28. Bxe4 Rxe4 29. Rc3 c4 30. bxc4 Rb2 31. Rf3 Rxc4 32. Qf6 Rb8 33. Rfd3 Re8 34. Kh4 Qf2+ 35. Kg5 Qc5+ 36. Rd5 Qf8 37. Rd8 Rc8 38. Rxc8 Rxc8 39. Rd7 Ra8 40. f5 Rb8 41. Kh4 Qh6+ 42. Kg3 Qe3+ 43. Kh4 Qh6+ 44. Kg3 Rb3+ 45. Kg2 Qxh3+ 46. Kf2 Qh2+ 47. Ke1 Rb1+ 48. Rd1 Qg1+ 0-1

[Event "Titled Tuesday intern op 30th Aug Late"]
[Site "Chess.com INT"]
[Date "2022.08.30"]
[Round "6"]
[White "Blanco Ronquillo, Humberto L"]
[Black "Simonovic, Miroslav"]
[Result "1/2-1/2"]
[WhiteElo "2442"]
[BlackElo "2115"]
[PlyCount "82"]
[EventDate "2022.08.30"]
[EventType "swiss (blitz)"]
[EventRounds "11"]
[EventCountry "USA"]
[SourceTitle "EXT 2023"]
[Source "ChessBase"]
[SourceDate "2022.10.05"]
[SourceVersion "1"]
[SourceVersionDate "2022.10.05"]
[SourceQuality "1"]

1. e4 c5 2. Nf3 Nc6 3. Bb5 g6 4. Bxc6 dxc6 5. d3 Bg7 6. h3 e5 7. Be3 b6 8. Qd2 h6 9. Qc3 Qc7 10. Nbd2 Be6 11. a3 Ne7 12. b4 cxb4 13. axb4 0-0 14. Nc4 Bxc4 15. Qxc4 Kh7 16. 0-0 f5 17. Ra6 f4 18. Bd2 g5 19. Rfa1 Ng6 20. Bc3 Bf6 21. d4 Rfe8 22. b5 exd4 23. Bxd4 Rxe4 24. Qd3 Re6 25. Bxf6 Rxf6 26. Qc3 Rd6 27. Qc4 c5 28. Qe4 Rdd8 29. h4 g4 30. h5 gxf3 31. Qxg6+ Kh8 32. Qxh6+ Kg8 33. gxf3 Rd7 34. Kh2 Rg7 35. Rxb6 axb6 36. Rxa8+ Kf7 37. Qh8 Qe7 38. Kh3 Qe6+ 39. Kh2 Qe7 40. Kh3 Qe6+ 41. Kh2 Qe7 1/2-1/2

[Event "Titled Tuesday intern op 30th Aug Early"]
[Site "Chess.com INT"]
[Date "2022.08.30"]
[Round "6"]
[White "Gunina, Valentina"]
[Black "Blanco Ronquillo, Humberto L"]
[Result "1-0"]
[WhiteElo "2469"]
[BlackElo "2442"]
[PlyCount "73"]
[EventDate "2022.08.30"]
[EventType "swiss (blitz)"]
[EventRounds "11"]
[EventCountry "USA"]
[SourceTitle "EXT 2023"]
[Source "ChessBase"]
[SourceDate "2022.10.05"]
[SourceVersion "1"]
[SourceVersionDate "2022.10.05"]
[SourceQuality "1"]

1. d4 d5 2. c4 e6 3. Nf3 a6 4. cxd5 exd5 5. Nc3 h6 6. Bf4 Nf6 7. e3 c5 8. dxc5 Bxc5 9. Be2 Nc6 10. 0-0 0-0 11. Qd3 d4 12. exd4 Nxd4 13. Nxd4 Qxd4 14. Qg3 Ne4 15. Nxe4 Qxe4 16. Bxh6 Bd4 17. Bd3 Qg4 18. Bf4 Bxb2 19. Rab1 Bf6 20. Qxg4 Bxg4 21. Rxb7 Be6 22. a4 Rfd8 23. Bc2 Rac8 24. Bb1 Rd4 25. Be3 Rxa4 26. h3 a5 27. Re1 Rb4 28. Ra7 a4 29. Bd2 Rb2 30. Be3 Bc3 31. Rd1 Bb3 32. Rc1 Rd8 33. Be4 Bf6 34. g4 g6 35. Kg2 Bd4 36. Bxd4 Rxd4 37. Kf3 1-0

[Event "Titled Tuesday intern op 30th Aug Early"]
[Site "Chess.com INT"]
[Date "2022.08.30"]
[Round "4"]
[White "Ljukin, Sergei"]
[Black "Blanco Ronquillo, Humberto L"]
[Result "0-1"]
[WhiteElo "2362"]
[BlackElo "2442"]
[PlyCount "80"]
[EventDate "2022.08.30"]
[EventType "swiss (blitz)"]
[EventRounds "11"]
[EventCountry "USA"]
[SourceTitle "EXT 2023"]
[Source "ChessBase"]
[SourceDate "2022.10.05"]
[SourceVersion "1"]
[SourceVersionDate "2022.10.05"]
[SourceQuality "1"]

1. e4 c5 2. Nf3 Nc6 3. d4 cxd4 4. Nxd4 e5 5. Nb5 d6 6. N1c3 a6 7. Na3 Be7 8. Nd5 Nf6 9. Nxf6+ Bxf6 10. Nc4 0-0 11. c3 Be7 12. Be3 Be6 13. Nb6 Rb8 14. Bc4 Bg5 15. Nd5 Bxe3 16. Nxe3 Qh4 17. Qd3 Rfd8 18. 0-0 Rbc8 19. Rad1 Ne7 20. Bb3 Rc6 21. Rd2 Ng6 22. Bxe6 fxe6 23. g3 Qe7 24. Rfd1 b5 25. Qe2 Qb7 26. h4 Nf8 27. Ng4 Rc4 28. f3 Qc7 29. Nxe5 Qc5+ 30. Rd4 Qxe5 31. f4 Qc5 32. Qf2 Rxd4 33. cxd4 Qc4 34. f5 exf5 35. Qxf5 Qe6 36. Qf2 Qxe4 37. Rf1 Qe7 38. Re1 Qf7 39. Qe3 h6 40. a3 Nh7 0-1

[Event "Titled Tuesday intern op 30th Aug Early"]
[Site "Chess.com INT"]
[Date "2022.08.30"]
[Round "8"]
[White "Vusatiuk, Vladimir"]
[Black "Blanco Ronquillo, Humberto L"]
[Result "0-1"]
[WhiteElo "2308"]
[BlackElo "2442"]
[PlyCount "42"]
[EventDate "2022.08.30"]
[EventType "swiss (blitz)"]
[EventRounds "11"]
[EventCountry "USA"]
[SourceTitle "EXT 2023"]
[Source "ChessBase"]
[SourceDate "2022.10.05"]
[SourceVersion "1"]
[SourceVersionDate "2022.10.05"]
[SourceQuality "1"]

1. d4 Nf6 2. c4 e6 3. Nf3 d5 4. g3 Be7 5. Bg2 0-0 6. 0-0 dxc4 7. Qc2 a6 8. a4 Bd7 9. Rd1 Bc6 10. Nc3 Bb4 11. Bg5 Nbd7 12. e4 Bxc3 13. bxc3 Bxe4 14. Qb2 h6 15. Bf4 Nd5 16. Be3 b5 17. axb5 axb5 18. Rxa8 Qxa8 19. Ra1 Qb7 20. Nd2 Bxg2 21. Kxg2 Nxe3+ 0-1

[Event "Titled Tuesday intern op 23rd Aug Early"]
[Site "Chess.com INT"]
[Date "2022.08.23"]
[Round "8"]
[White "Blanco Ronquillo, Humberto L"]
[Black "Elgersma, Onno"]
[Result "1-0"]
[WhiteElo "2442"]
[BlackElo "2299"]
[PlyCount "85"]
[EventDate "2022.08.23"]
[EventType "swiss (blitz)"]
[EventRounds "11"]
[EventCountry "USA"]
[SourceTitle "EXT 2023"]
[Source "ChessBase"]
[SourceDate "2022.10.05"]
[SourceVersion "1"]
[SourceVersionDate "2022.10.05"]
[SourceQuality "1"]

1. d4 Nf6 2. c4 e6 3. Nf3 a6 4. Bg5 d5 5. Nbd2 Be7 6. e3 0-0 7. Rc1 Nbd7 8. c5 c6 9. Bd3 b6 10. b4 a5 11. a3 axb4 12. axb4 Ra3 13. Qc2 b5 14. 0-0 h6 15. Bf4 Nh5 16. Be5 f6 17. Bd6 f5 18. Ne5 Nxe5 19. dxe5 Rf7 20. Be2 g6 21. Bxh5 gxh5 22. Ra1 Bxd6 23. cxd6 Ra4 24. Rxa4 bxa4 25. Qxa4 Qb6 26. Ra1 Rb7 27. h4 Kf7 28. Nb3 Qxb4 29. Qxb4 Rxb4 30. Ra7+ Ke8 31. Nc5 Rb5 32. d7+ Bxd7 33. Nxd7 c5 34. Nf6+ Kd8 35. Nxh5 c4 36. Nf4 Rb6 37. Ne2 Rb1+ 38. Kh2 Rb2 39. Nd4 Rxf2 40. Nxe6+ Kc8 41. Nd4 c3 42. e6 Kd8 43. Nc6+ 1-0